000
00211 a2200097 4500
001
35930
100
_a
Schildt Herbert
245
_a
Dos Made Easy
260
_a
Berkeloy
_b
McGraw Hill
_c
090
_c
23480
_d
23480
942
_a
NUST-CAE
_c
M
_c
14981
999
_c
271003
_d
271003